| 000 | 00341nam a22001337a 4500 | ||
|---|---|---|---|
| 008 | 180316b xxu||||| |||| 00| 0 eng d | ||
| 020 | _a9780321276391 | ||
| 041 | _aeng | ||
| 080 | _a37 | ||
| 100 | _a25 | ||
| 101 | _aedu | ||
| 245 |
_athe essential guide research writing acroos the disciplines _clester.ju.d |
||
| 942 |
_2udc _cBK |
||
| 999 |
_c45230 _d45230 |
||